000 00687nam a22001937a 4500
003 JO-AjAnu
005 20241020083126.0
008 241019b jo ||||| |||| 00| 0 ara d
020 _a9-415-76-9957-978
040 _cJO-AjAnu
041 _hARA
100 _aالحاتمي، الآء علي
_eمؤلف
_966347
245 _aعلم الجمال : مفاهيم وتطبيقات وأسس الجمال
_c / الآء علي الحاتمي
260 _aعمان:
_bدار الرضوان للنشر والتوزيع،
_c2016
300 _a240 صفحة
650 _vالجمال
700 _aسمير عبد المنعم القاسمي
_eمؤلف مشارك
_966348
942 _2lcc
_cBK
_n0
999 _c33778
_d33778